00819nam a22002177a 4500999001900000005001700019010001500036020002600051035001400077037000900091082001300100245013900113260003400252270007000286300002700356700001900383700002800402700002100430942002700451952012300478 c185932d18593220220211104328.0 aENG-131523 a9789381208960c500.00 aEN-115055 bDBAD a658.5038 aLeveraging Best Practices in Organisation:cEdited by Nirmala Mohan, T. Shirley Devakirubai, N. Sorna KumaribCreating Business Value/ aChennaibG.K. Publisherc2018 a# 16, M.R.M. Road, C.A.R. Complex, West TambarambChennaie600045 aviii, 206p.c24cm(pbk) aMohan, Nirmala aDevakirubai, T. Shirley aKumari, N. Sorna 2ddccENh658.5038mLEV 001040708NFICaBNbBNd2022-02-11eDBAD/PUBg500.00l0o658.5038 LEVpEN-115055r2022-02-11 00:00:00t1v500.00yEN